| 000 | nam a22 a 4500 | ||
|---|---|---|---|
| 999 |
_c3452 _d3452 |
||
| 003 | AKMAL | ||
| 005 | 20170523090114.0 | ||
| 008 | 170523s1982 -us e 000 0 eng d | ||
| 020 | _a0442880162 | ||
| 040 |
_aAKMAL _cAKMAL |
||
| 082 | 0 | 4 |
_a658.54 TUC _221 |
| 090 |
_a658.56 _bTUC |
||
| 100 | 1 |
_aTucker, Spencer A. _96940 |
|
| 245 | 1 | 0 |
_aProduction standards for profit planning / _cSpencer A. Tucker, Thomas H. Lennon |
| 260 |
_aNew York : _bVan Nostrand Reinhold Co., _cc1982 |
||
| 300 | 0 | 0 |
_axvi, 193p. : _bill. ; _c28cm. |
| 650 | 0 |
_aProduction standards _96941 |
|
| 700 | 1 |
_aLennon, Thomas H. _96942 |
|
| 942 |
_2ddc _cBOOK |
||